| 000 | 00582nam a2200193Ia 4500 | ||
|---|---|---|---|
| 003 | GCL | ||
| 008 | 140319s9999 xx 000 0 ara d | ||
| 040 |
_aGCL / _cGCL |
||
| 082 | 0 | 4 |
_a812 _bا ر |
| 100 | 1 | _aابراهيم حمادة | |
| 245 | 1 | 0 |
_aرطل اللحم / _cابراهيم حمادة |
| 260 |
_a[S.N] : _bدار الفكر للدراسات والنشر والتوزيع ، _c1988 |
||
| 300 | _a160 ص | ||
| 490 | _a | ||
| 650 | 0 | 4 | _aالادب العربى |
| 650 | 0 | 4 | _aالمسرح العربى |
| 650 | 0 | 4 | _aالمسرحيات العربية |
| 942 |
_2ddc _cBK |
||
| 999 |
_c58516 _d58516 |
||